[Event "Titled Tuesday intern op 11th Jul Early"]
[Site "Chess.com INT"]
[Date "2023.07.11"]
[Round "10"]
[White "Bilan, Danila"]
[Black "De la Villa Garcia, Jesus Maria"]
[Result "1-0"]
[WhiteElo "2303"]
[BlackElo "2449"]
[PlyCount "37"]
[EventDate "2023.07.11"]
[EventType "swiss (blitz)"]
[EventRounds "11"]
[EventCountry "USA"]
[SourceTitle "EXT 2024"]
[Source "ChessBase"]
[SourceDate "2023.10.10"]
[SourceVersion "1"]
[SourceVersionDate "2023.10.10"]
[SourceQuality "1"]

1. d4 d5 2. Nf3 Nf6 3. c4 dxc4 4. e3 Bg4 5. Bxc4 e6 6. Qb3 Nbd7 7. Nc3 Be7 8. Qxb7 Rb8 9. Qa6 0-0 10. Be2 c5 11. 0-0 Qc7 12. h3 Bh5 13. Nb5 Qd8 14. Nxa7 Rb6 15. Qa4 Qa8 16. b3 cxd4 17. Nxd4 Bxe2 18. Nxe2 Rc6 19. Nxc6 1-0

[Event "Titled Tuesday intern op 11th Jul Early"]
[Site "Chess.com INT"]
[Date "2023.07.11"]
[Round "8"]
[White "De la Villa Garcia, Jesus Maria"]
[Black "Ibarra Jerez, Jose Carlos"]
[Result "0-1"]
[WhiteElo "2449"]
[BlackElo "2563"]
[PlyCount "72"]
[EventDate "2023.07.11"]
[EventType "swiss (blitz)"]
[EventRounds "11"]
[EventCountry "USA"]
[SourceTitle "EXT 2024"]
[Source "ChessBase"]
[SourceDate "2023.10.10"]
[SourceVersion "1"]
[SourceVersionDate "2023.10.10"]
[SourceQuality "1"]

1. c4 e5 2. g3 Nf6 3. Bg2 c6 4. d4 e4 5. d5 Bb4+ 6. Bd2 Qe7 7. Nc3 0-0 8. Nh3 cxd5 9. cxd5 d6 10. Nxe4 Bxh3 11. Nxf6+ Qxf6 12. Bxh3 Qxb2 13. Bxb4 Qxb4+ 14. Qd2 Na6 15. Qxb4 Nxb4 16. Rb1 Nxd5 17. Rxb7 Rab8 18. Rxb8 Rxb8 19. 0-0 Nc3 20. Re1 Rb2 21. e3 Rxa2 22. Bf1 Ne4 23. Rc1 g6 24. Rc7 d5 25. Bg2 Ra1+ 26. Bf1 Nd2 27. Kg2 Rxf1 28. Rxa7 Rd1 29. Ra8+ Kg7 30. Rd8 Ne4 31. f3 Rd2+ 32. Kh3 Ng5+ 33. Kg4 Ne6 34. Rd7 h5+ 35. Kh3 Ng5+ 36. Kh4 Nxf3+ 0-1

[Event "Titled Tuesday intern op 11th Jul Early"]
[Site "Chess.com INT"]
[Date "2023.07.11"]
[Round "9"]
[White "De la Villa Garcia, Jesus Maria"]
[Black "Sierra Vallina, Lionel"]
[Result "0-1"]
[WhiteElo "2449"]
[BlackElo "2165"]
[PlyCount "194"]
[EventDate "2023.07.11"]
[EventType "swiss (blitz)"]
[EventRounds "11"]
[EventCountry "USA"]
[SourceTitle "EXT 2024"]
[Source "ChessBase"]
[SourceDate "2023.10.10"]
[SourceVersion "1"]
[SourceVersionDate "2023.10.10"]
[SourceQuality "1"]

1. d4 d5 2. Nf3 e6 3. e3 Nf6 4. Bd3 Be7 5. Nbd2 0-0 6. 0-0 b6 7. e4 dxe4 8. Nxe4 Bb7 9. Qe2 Nbd7 10. c3 Nxe4 11. Bxe4 Bxe4 12. Qxe4 Nf6 13. Qe2 h6 14. Bf4 Nd5 15. Bg3 c5 16. Rad1 cxd4 17. Nxd4 Qc8 18. Rfe1 Rd8 19. h3 Bf6 20. Rd3 Qb7 21. Red1 Ne7 22. Qg4 Rd5 23. Nxe6 Rxd3 24. Rxd3 fxe6 25. Qxe6+ Kh8 26. Rd7 Qc8 27. Rxe7 Bxe7 28. Qxe7 Qd8 29. Qe2 Qd5 30. Be5 Kg8 31. Bd4 Rf8 32. Qe7 Rf7 33. Qe8+ Kh7 34. Qe3 Rd7 35. a3 Rf7 36. Qd3+ Qf5 37. Qf1 Qd5 38. Qd1 Qe4 39. Qd2 Qb1+ 40. Kh2 Qe4 41. g3 Qf3 42. Qc2+ Qf5 43. Qe2 Qf3 44. Qe6 Qf5 45. Qe8 Qf3 46. h4 Qf5 47. Qc6 Qd7 48. Qe4+ Qf5 49. Qe2 Qd5 50. Qd2 Qf5 51. b4 Qf3 52. a4 Qd5 53. Qc2+ Qf5 54. Qa2 Rd7 55. a5 b5 56. Qe2 a6 57. Kg1 Rc7 58. Qe8 Rd7 59. Qc8 Qe6 60. Qc5 Qe1+ 61. Kh2 Qe6 62. Qc8 Kg6 63. Qh8 Qf7 64. Qa8 Qe6 65. Qf3 Kh7 66. h5 Rc7 67. Qd3+ Kg8 68. Qf3 Rf7 69. Qa8+ Kh7 70. Kg2 Qf5 71. Qxa6 Qd5+ 72. Kg1 Qxh5 73. Qe6 Qd1+ 74. Kh2 Qh5+ 75. Kg2 Qf3+ 76. Kh2 Qh5+ 77. Qh3 Qf3 78. a6 Qe2 79. a7 Rxf2+ 80. Bxf2 Qxf2+ 81. Qg2 Qxa7 82. Qe4+ g6 83. Kg2 Qa2+ 84. Kf3 Qf7+ 85. Ke3 Qc7 86. Kd4 Qc4+ 87. Ke5 Qxc3+ 88. Ke6 Qb3+ 89. Ke7 Qxg3 90. Qb7 Qe5+ 91. Kf8+ Kh8 92. Qf7 Qd6+ 93. Ke8 Qe5+ 94. Kd7 Qd4+ 95. Kc6 Qe4+ 96. Kc5 Qf5+ 97. Kb6 Qxf7 0-1

[Event "Titled Tuesday intern op 11th Jul Early"]
[Site "Chess.com INT"]
[Date "2023.07.11"]
[Round "7"]
[White "Gordievsky, Dmitry"]
[Black "De la Villa Garcia, Jesus Maria"]
[Result "1-0"]
[WhiteElo "2517"]
[BlackElo "2449"]
[PlyCount "91"]
[EventDate "2023.07.11"]
[EventType "swiss (blitz)"]
[EventRounds "11"]
[EventCountry "USA"]
[SourceTitle "EXT 2024"]
[Source "ChessBase"]
[SourceDate "2023.10.10"]
[SourceVersion "1"]
[SourceVersionDate "2023.10.10"]
[SourceQuality "1"]

1. Nf3 d5 2. g3 Nc6 3. d4 Bf5 4. Bg2 Nb4 5. Na3 e6 6. c3 Nc6 7. Qa4 Nf6 8. Ne5 Be7 9. Nac4 0-0 10. Nxc6 bxc6 11. Ne5 c5 12. Nc6 Qe8 13. Nxe7+ Qxe7 14. Qa3 Nd7 15. Be3 c6 16. dxc5 e5 17. 0-0 Qe6 18. Qa6 Rfb8 19. b4 Rb5 20. Rfd1 e4 21. a3 Bg4 22. c4 dxc4 23. Rd6 Qe5 24. Bd4 Qe7 25. Qxc6 Rbb8 26. Qxe4 Be6 27. Rc1 h5 28. Rxc4 a6 29. Rc3 a5 30. b5 Rc8 31. Qxa8 Rxa8 32. Bxa8 Bh3 33. Bg2 Bxg2 34. Kxg2 Qe4+ 35. f3 Qxe2+ 36. Bf2 Ne5 37. Re3 Qb2 38. Rxe5 Qxe5 39. b6 Qb2 40. c6 Kh7 41. c7 Qc3 42. Rd8 h4 43. c8Q h3+ 44. Qxh3+ Kg6 45. Qg4+ Kh7 46. Qh5# 1-0

[Event "Titled Tuesday intern op 27th Jun Early"]
[Site "Chess.com INT"]
[Date "2023.06.27"]
[Round "6"]
[White "De la Villa Garcia, Jesus Maria"]
[Black "Hernando Rodrigo, Julio Antonio"]
[Result "1-0"]
[WhiteElo "2449"]
[BlackElo "2240"]
[PlyCount "75"]
[EventDate "2023.06.27"]
[EventType "swiss (blitz)"]
[EventRounds "11"]
[EventCountry "USA"]
[SourceTitle "EXT 2024"]
[Source "ChessBase"]
[SourceDate "2023.10.10"]
[SourceVersion "1"]
[SourceVersionDate "2023.10.10"]
[SourceQuality "1"]

1. c4 Nf6 2. Nc3 g6 3. Nf3 d6 4. d4 Bg7 5. g3 0-0 6. Bg2 c5 7. 0-0 cxd4 8. Nxd4 Nc6 9. Nxc6 bxc6 10. Bxc6 Rb8 11. Bg2 Be6 12. b3 Nd7 13. Bb2 Bxc4 14. Qd2 Be6 15. Rac1 Qa5 16. Rfd1 Qh5 17. Nd5 Bxd5 18. Bxg7 Kxg7 19. Bxd5 Nf6 20. Bf3 Qe5 21. Rc7 a5 22. Qd4 Qxd4 23. Rxd4 Rfe8 24. Ra4 Rb5 25. Ra7 d5 26. R4xa5 Rxa5 27. Rxa5 Rd8 28. b4 e5 29. e3 e4 30. Be2 d4 31. exd4 Rxd4 32. b5 Rd2 33. Bf1 Ng4 34. b6 Rd8 35. b7 Rb8 36. Ba6 e3 37. fxe3 Nxe3 38. Rc5 1-0

[Event "Titled Tuesday intern op 27th Jun Late"]
[Site "Chess.com INT"]
[Date "2023.06.27"]
[Round "8"]
[White "De la Villa Garcia, Jesus Maria"]
[Black "Mekhitarian, Krikor Sevag"]
[Result "1-0"]
[WhiteElo "2449"]
[BlackElo "2537"]
[PlyCount "151"]
[EventDate "2023.06.27"]
[EventType "swiss (blitz)"]
[EventRounds "11"]
[EventCountry "USA"]
[SourceTitle "EXT 2024"]
[Source "ChessBase"]
[SourceDate "2023.10.10"]
[SourceVersion "1"]
[SourceVersionDate "2023.10.10"]
[SourceQuality "1"]

1. c4 c5 2. Nf3 Nc6 3. d4 cxd4 4. Nxd4 Nf6 5. Nc3 e6 6. g3 Qb6 7. Nb3 Ne5 8. e4 Bb4 9. Qe2 d6 10. Bd2 0-0 11. f4 Nc6 12. Be3 Bxc3+ 13. bxc3 Qc7 14. Bg2 b6 15. 0-0 Bb7 16. Bf2 Rac8 17. Rfd1 Rfd8 18. Rd2 Ba6 19. Rad1 e5 20. f5 Ne7 21. g4 Bxc4 22. Qf3 d5 23. exd5 Bxd5 24. Qd3 Rd7 25. Qb5 Bc6 26. Rxd7 Nxd7 27. Qd3 Nb8 28. Bh3 f6 29. g5 Bd7 30. gxf6 gxf6 31. Bh4 Qc6 32. Qg3+ Kh8 33. Bg2 Rg8 34. Bxc6 Rxg3+ 35. hxg3 Nexc6 36. Bxf6+ Kg8 37. g4 Kf7 38. Bh4 h5 39. gxh5 Bxf5 40. h6 Kg6 41. Rd6+ Kh7 42. Bg5 a5 43. Rf6 Bg6 44. Rf8 a4 45. Nd2 Nd7 46. Rc8 Na5 47. Rc7 Bf5 48. Ne4 Kg6 49. Ng3 Bb1 50. Rxd7 Kxg5 51. h7 Bxh7 52. Rxh7 Nc4 53. Ra7 b5 54. Rb7 Na3 55. Ne4+ Kf4 56. Nd6 Nb1 57. Nxb5 Nd2 58. Ra7 e4 59. Rxa4 Kf3 60. Nd4+ Ke3 61. Nf5+ Kd3 62. c4 Nb1 63. Ra8 Nc3 64. Rd8+ Kxc4 65. Rc8+ Kb4 66. Rd8 Kc4 67. Kf2 Nxa2 68. Ne3+ Kc5 69. Re8 Nb4 70. Rxe4 Nc6 71. Rh4 Nd4 72. Rh5+ Kc6 73. Nf5 Ne6 74. Ke3 Kd7 75. Nd4 Ng7 76. Rh7 1-0

[Event "Titled Tuesday intern op 27th Jun Late"]
[Site "Chess.com INT"]
[Date "2023.06.27"]
[Round "3"]
[White "Rustemov, Alexander"]
[Black "De la Villa Garcia, Jesus Maria"]
[Result "0-1"]
[WhiteElo "2525"]
[BlackElo "2449"]
[PlyCount "102"]
[EventDate "2023.06.27"]
[EventType "swiss (blitz)"]
[EventRounds "11"]
[EventCountry "USA"]
[SourceTitle "EXT 2024"]
[Source "ChessBase"]
[SourceDate "2023.10.10"]
[SourceVersion "1"]
[SourceVersionDate "2023.10.10"]
[SourceQuality "1"]

1. d4 Nf6 2. c4 e6 3. Nf3 d5 4. Nc3 dxc4 5. e3 a6 6. a4 Bb4 7. Bxc4 b6 8. 0-0 Bb7 9. Qe2 0-0 10. Rd1 Nbd7 11. Na2 Bd6 12. Nc3 Bb4 13. Bd2 Qe7 14. h3 c5 15. Rac1 Rfd8 16. Nb1 Bxd2 17. Nbxd2 h6 18. Nb1 cxd4 19. Nxd4 Nc5 20. Nc3 Nfe4 21. Nxe4 Nxe4 22. Bd3 Nc5 23. Bc2 Qg5 24. f3 Rac8 25. Qf2 Qf6 26. b3 Nd7 27. Bd3 Nc5 28. Bc4 Rd7 29. Ne2 Rcd8 30. Rxd7 Rxd7 31. Ng3 Qd8 32. Nf1 Qg5 33. Qe2 a5 34. Rd1 Rxd1 35. Qxd1 g6 36. Qd4 Bxf3 37. g3 Bd5 38. Bxd5 exd5 39. h4 Qf5 40. Nd2 h5 41. Kg2 Qe6 42. Kf3 Qh3 43. Qe5 Qh1+ 44. Ke2 Qg2+ 45. Kd1 Nd3 46. Qe8+ Kg7 47. Kc2 Nb4+ 48. Kc3 Qxg3 49. Qd8 Qxe3+ 50. Kb2 Qxd2+ 51. Kb1 Qc2+ 0-1

[Event "Titled Tuesday intern op 27th Jun Late"]
[Site "Chess.com INT"]
[Date "2023.06.27"]
[Round "7"]
[White "Ter Sahakyan, Samvel"]
[Black "De la Villa Garcia, Jesus Maria"]
[Result "0-1"]
[WhiteElo "2598"]
[BlackElo "2449"]
[PlyCount "122"]
[EventDate "2023.06.27"]
[EventType "swiss (blitz)"]
[EventRounds "11"]
[EventCountry "USA"]
[SourceTitle "EXT 2024"]
[Source "ChessBase"]
[SourceDate "2023.10.10"]
[SourceVersion "1"]
[SourceVersionDate "2023.10.10"]
[SourceQuality "1"]

1. d4 Nf6 2. c4 e6 3. Nc3 Bb4 4. Nf3 b6 5. e3 Bb7 6. Bd3 Ne4 7. Qc2 Bxc3+ 8. bxc3 f5 9. 0-0 0-0 10. Ne1 Qh4 11. f3 Ng5 12. Qf2 Qxf2+ 13. Rxf2 d6 14. c5 Nd7 15. cxd6 cxd6 16. a4 Rfc8 17. Ba3 Nf7 18. Rc2 a5 19. h4 Bc6 20. Bb2 Rc7 21. c4 Rac8 22. d5 exd5 23. Bxf5 dxc4 24. Rxc4 Bd5 25. Rd4 Bb3 26. Ra3 Bc4 27. Rxc4 Rxc4 28. Bxd7 R8c7 29. Bb5 Rb4 30. Bd4 Ne5 31. Bxe5 dxe5 32. Nd3 Rxh4 33. Nxe5 g6 34. e4 Rh5 35. Nd3 Rc2 36. f4 Rh4 37. Bd7 g5 38. e5 gxf4 39. e6 Kf8 40. Ne5 Ke7 41. Rd3 Rc1+ 42. Kf2 Rhh1 43. Kf3 Rhf1+ 44. Kg4 Rg1 45. Kxf4 Rcf1+ 46. Ke4 Rxg2 47. Nc6+ Kf6 48. Kd5 Rg5+ 49. Kd6 Rc1 50. e7 Re1 51. Rf3+ Kg7 52. e8Q Rxe8 53. Bxe8 Rg4 54. Ne5 Rb4 55. Ke6 h5 56. Rg3+ Kh6 57. Nf7+ Kh7 58. Ne5 h4 59. Rg4 Kh6 60. Rxb4 axb4 61. Nd3 h3 0-1

[Event "Titled Tuesday intern op 20th Jun Early"]
[Site "Chess.com INT"]
[Date "2023.06.20"]
[Round "10"]
[White "De la Villa Garcia, Jesus Maria"]
[Black "Fernandez Siles, Luis"]
[Result "1-0"]
[WhiteElo "2449"]
[BlackElo "2218"]
[PlyCount "75"]
[EventDate "2023.06.20"]
[EventType "swiss (blitz)"]
[EventRounds "11"]
[EventCountry "USA"]
[SourceTitle "EXT 2024"]
[Source "ChessBase"]
[SourceDate "2023.10.10"]
[SourceVersion "1"]
[SourceVersionDate "2023.10.10"]
[SourceQuality "1"]

1. c4 Nf6 2. Nc3 g6 3. Nf3 Bg7 4. g3 0-0 5. Bg2 d6 6. 0-0 Nc6 7. d4 Bf5 8. Nh4 Bd7 9. d5 Na5 10. b3 c5 11. dxc6 Nxc6 12. Bb2 a6 13. Nf3 Rb8 14. a4 Nb4 15. Nd4 e5 16. Nc2 Nxc2 17. Qxc2 Bc6 18. Rad1 Qc7 19. Qd2 Rfd8 20. Ba3 Bxg2 21. Kxg2 Qc6+ 22. Kg1 Bf8 23. Qd3 Rd7 24. e4 Qb6 25. Qc2 h5 26. h4 Rc8 27. Rd3 Qa5 28. Qd2 b5 29. cxb5 axb5 30. Nxb5 Qxd2 31. Rxd2 Nxe4 32. Rd3 d5 33. Bxf8 Kxf8 34. f4 exf4 35. Rxf4 Rc2 36. Rxe4 dxe4 37. Rxd7 e3 38. Rd1 1-0

[Event "Titled Tuesday intern op 13th Jun Early"]
[Site "Chess.com INT"]
[Date "2023.06.13"]
[Round "4"]
[White "De la Villa Garcia, Jesus Maria"]
[Black "Cruz Mendez, Jean Marcos"]
[Result "0-1"]
[WhiteElo "2449"]
[BlackElo "2270"]
[PlyCount "80"]
[EventDate "2023.06.13"]
[EventType "swiss (blitz)"]
[EventRounds "11"]
[EventCountry "USA"]
[SourceTitle "EXT 2024"]
[Source "ChessBase"]
[SourceDate "2023.10.10"]
[SourceVersion "1"]
[SourceVersionDate "2023.10.10"]
[SourceQuality "1"]

1. c4 e5 2. Nc3 Nc6 3. Nf3 Nf6 4. g3 Bc5 5. Bg2 a6 6. 0-0 Ba7 7. a3 d6 8. b4 0-0 9. d3 h6 10. Nd5 Nxd5 11. cxd5 Nd4 12. Bb2 Nxf3+ 13. Bxf3 Bf5 14. Rc1 Qd7 15. d4 e4 16. Bg2 Rfe8 17. e3 Rac8 18. Qb3 Bh3 19. Rc2 Bxg2 20. Kxg2 Qg4 21. Rfc1 Bb8 22. b5 a5 23. a4 b6 24. Ba3 Rcd8 25. Qc4 h5 26. h4 f5 27. Qe2 Qg6 28. Rxc7 Bxc7 29. Rxc7 Rc8 30. Rc6 Rxc6 31. bxc6 f4 32. exf4 e3 33. fxe3 Qe4+ 34. Qf3 Qc2+ 35. Kh3 Qf5+ 36. Kg2 Qd3 37. Bxd6 Rxe3 38. c7 Rxf3 39. c8Q+ Kh7 40. Kh2 Rf2+ 0-1

[Event "Titled Tuesday intern op 13th Jun Early"]
[Site "Chess.com INT"]
[Date "2023.06.13"]
[Round "11"]
[White "De la Villa Garcia, Jesus Maria"]
[Black "Girya, Olga"]
[Result "1-0"]
[WhiteElo "2449"]
[BlackElo "2402"]
[PlyCount "207"]
[EventDate "2023.06.13"]
[EventType "swiss (blitz)"]
[EventRounds "11"]
[EventCountry "USA"]
[SourceTitle "EXT 2024"]
[Source "ChessBase"]
[SourceDate "2023.10.10"]
[SourceVersion "1"]
[SourceVersionDate "2023.10.10"]
[SourceQuality "1"]

1. c4 Nf6 2. Nc3 e5 3. Nf3 Nc6 4. g3 Bb4 5. Nd5 Bc5 6. b4 Nxd5 7. bxc5 Nf6 8. Bg2 Qe7 9. Ba3 b6 10. d4 exd4 11. Nxd4 Nxd4 12. Bxa8 bxc5 13. 0-0 c6 14. Rb1 Nxe2+ 15. Kh1 Nc3 16. Qc1 Nxb1 17. Re1 Ne4 18. Qxb1 f5 19. f3 0-0 20. fxe4 fxe4 21. Rxe4 Qd6 22. Qe1 Ba6 23. Re8 Bxc4 24. Bb2 Bd5+ 25. Kg1 Be6 26. Rxf8+ Qxf8 27. Bb7 Bd5 28. Qe5 Bc4 29. Qe1 h6 30. Qc1 Qf7 31. Bc8 Bxa2 32. Ba6 Bd5 33. Qc3 c4 34. Qe5 Kh7 35. Bc8 a5 36. h4 a4 37. h5 a3 38. Ba1 a2 39. g4 Be6 40. Qe4+ Kg8 41. Ba6 c3 42. Bd3 Bd5 43. Qh7+ Kf8 44. Bxc3 Qf3 45. Qxg7+ Ke8 46. Bg6+ Kd8 47. Qf6+ Qxf6 48. Bxf6+ Kc7 49. Kf2 Be6 50. Kg3 d5 51. Bd4 c5 52. Be5+ Kc6 53. g5 d4 54. gxh6 a1Q 55. h7 Qg1+ 56. Kf4 Qh2+ 57. Ke4 Bd5+ 58. Kf5 Qh3+ 59. Kf6 Qc8 60. Kg5 c4 61. Bxd4 c3 62. Bxc3 Kd6 63. h8Q Qxh8 64. Bxh8 Bg8 65. Bf6 Ke6 66. h6 Kd7 67. h7 Bxh7 68. Bxh7 Ke6 69. Bf5+ Kd5 70. Kf4 Kd6 71. Be5+ Kd5 72. Be4+ Kc4 73. Ke3 Kc5 74. Bd4+ Kc4 75. Bd3+ Kd5 76. Bc3 Kc5 77. Bf1 Kd5 78. Bd4 Ke6 79. Ke4 Kd6 80. Bb5 Ke6 81. Ba4 Kd6 82. Bb3 Kc6 83. Bd5+ Kd6 84. Be3 Kd7 85. Ke5 Ke7 86. Be6 Ke8 87. Kf6 Kd8 88. Bb6+ Ke8 89. Bc7 Kf8 90. Bd7 Kg8 91. Bd6 Kh8 92. Be6 Kh7 93. Bf8 Kh8 94. Bf7 Kh7 95. Be8 Kg8 96. Bg7 Kh7 97. Bd7 Kg8 98. Bg4 Kh7 99. Bh5 Kg8 100. Bf7+ Kh7 101. Bf8 Kh8 102. Bd6 Kh7 103. Be5 Kh8 104. Kg6# 1-0

[Event "Titled Tuesday intern op 13th Jun Early"]
[Site "Chess.com INT"]
[Date "2023.06.13"]
[Round "7"]
[White "De la Villa Garcia, Jesus Maria"]
[Black "Shuvalov, Evgenij"]
[Result "1-0"]
[WhiteElo "2449"]
[BlackElo "2038"]
[PlyCount "73"]
[EventDate "2023.06.13"]
[EventType "swiss (blitz)"]
[EventRounds "11"]
[EventCountry "USA"]
[SourceTitle "EXT 2024"]
[Source "ChessBase"]
[SourceDate "2023.10.10"]
[SourceVersion "1"]
[SourceVersionDate "2023.10.10"]
[SourceQuality "1"]

1. c4 Nf6 2. Nc3 g6 3. d4 d5 4. Nf3 Bg7 5. cxd5 Nxd5 6. Qb3 Nxc3 7. bxc3 c5 8. e4 cxd4 9. cxd4 Nc6 10. Bb2 0-0 11. d5 Qa5+ 12. Nd2 Nd4 13. Qd3 Nf3+ 14. gxf3 Bxb2 15. Rb1 Bg7 16. Be2 Bh3 17. f4 Bc3 18. Rd1 Bd7 19. 0-0 Rfc8 20. Nc4 Qd8 21. Qxc3 b5 22. Qd4 bxc4 23. Bxc4 Qc7 24. Bb3 Qxf4 25. e5 Qg5+ 26. Kh1 Bh3 27. Rg1 Qf5 28. Rg3 Rd8 29. d6 exd6 30. exd6 Rac8 31. Re1 Rc5 32. Rxh3 Qxh3 33. Qxc5 Qf3+ 34. Kg1 Qg4+ 35. Kf1 Qh3+ 36. Ke2 Qxh2 37. Rd1 1-0

[Event "ESP-chT CECLUB Honor"]
[Site "Linares"]
[Date "2018.08.06"]
[Round "1.1"]
[White "Suarez Garcia, Carlos"]
[Black "De la Villa Garcia, Jesus Maria"]
[Result "1-0"]
[WhiteElo "2468"]
[BlackElo "2468"]
[PlyCount "63"]
[EventDate "2018.08.06"]
[EventType "team-tourn"]
[EventRounds "7"]
[EventCountry "ESP"]
[SourceTitle "CBM 185 Extra"]
[Source "ChessBase"]
[SourceDate "2018.07.29"]
[SourceVersion "1"]
[SourceVersionDate "2018.07.29"]
[SourceQuality "1"]
[WhiteTeam "Extremadura Ajoblanco"]
[BlackTeam "Solvay"]
[WhiteTeamCountry "ESP"]
[BlackTeamCountry "ESP"]

1. Nf3 d5 2. g3 Bg4 3. Bg2 Nd7 4. c4 e6 5. cxd5 exd5 6. d3 Ngf6 7. Nc3 Nc5 8. Nd4 c6 9. h3 Bc8 10. e4 Be7 11. e5 Nfd7 12. f4 g6 13. 0-0 f5 14. b4 Qb6 15. Be3 Qxb4 16. Rc1 Nb6 17. g4 0-0 18. gxf5 Bxf5 19. Nxf5 Rxf5 20. Ne2 Ne6 21. Ng3 Rxf4 22. Bxf4 Nxf4 23. Kh2 Rf8 24. Ne2 Qb2 25. Nxf4 Qxe5 26. Qg4 Bd6 27. d4 Qf6 28. Rce1 Bxf4+ 29. Kh1 g5 30. Re5 Nc4 31. Rxf4 Qxf4 32. Rxg5+ 1-0

[Event "Paz de Ziganda op 28th"]
[Site "Villava"]
[Date "2018.03.17"]
[Round "4"]
[White "Ibarra Jerez, Jose Carlos"]
[Black "De la Villa Garcia, Jesus Maria"]
[Result "1/2-1/2"]
[WhiteElo "2569"]
[BlackElo "2468"]
[PlyCount "27"]
[EventDate "2018.03.17"]
[EventType "swiss (rapid)"]
[EventRounds "9"]
[EventCountry "ESP"]
[SourceTitle "CBM 183 Extra"]
[Source "ChessBase"]
[SourceDate "2018.04.19"]
[SourceVersion "1"]
[SourceVersionDate "2018.04.19"]
[SourceQuality "1"]

1. c4 Nf6 2. Nf3 e6 3. d4 d5 4. e3 c5 5. dxc5 Bxc5 6. a3 dxc4 7. Qxd8+ Kxd8 8. Bxc4 Ke7 9. Nbd2 Nc6 10. b4 Bd6 11. Bb2 Bd7 12. Ke2 Rac8 13. Rac1 Rhd8 14. Rhd1 1/2-1/2

[Event "ESP-chT CECLUB Honor"]
[Site "Linares"]
[Date "2014.09.07"]
[Round "4.3"]
[White "De la Villa Garcia, Jesus Maria"]
[Black "Argandona Riveiro, Inigo"]
[Result "1-0"]
[WhiteElo "2483"]
[BlackElo "2434"]
[PlyCount "89"]
[EventDate "2014.09.04"]
[EventType "team-tourn"]
[EventRounds "7"]
[EventCountry "ESP"]
[SourceTitle "CBM 162 Extra"]
[Source "ChessBase"]
[SourceDate "2014.10.17"]
[SourceVersion "1"]
[SourceVersionDate "2014.10.17"]
[SourceQuality "1"]
[WhiteTeam "Solvay"]
[BlackTeam "Taldea Gros Xake"]
[WhiteTeamCountry "ESP"]
[BlackTeamCountry "ESP"]

1. e4 c5 2. Nf3 g6 3. d4 cxd4 4. c3 Bg7 5. Bc4 d3 6. 0-0 Nc6 7. Qxd3 d6 8. Rd1 Qc7 9. Bf4 a6 10. Qe2 Ne5 11. Nxe5 Bxe5 12. Bxe5 dxe5 13. Na3 Nf6 14. Nc2 Be6 15. Bxe6 fxe6 16. Ne3 0-0 17. Ng4 Nxg4 18. Qxg4 Qb6 19. Qe2 Rad8 20. g3 Rxd1+ 21. Rxd1 Rd8 22. Rxd8+ Qxd8 23. h4 h6 24. Kg2 Kg7 25. Qc4 Kf6 26. Qc5 Qd3 27. Qe3 Qxe3 28. fxe3 Kf7 29. Kf2 Ke8 30. Ke2 Kd7 31. Kd3 Kc6 32. Kc4 g5 33. hxg5 hxg5 34. g4 Kd6 35. Kb4 b6 36. c4 Kc6 37. b3 Kd6 38. a4 Kc6 39. a5 Kb7 40. Ka4 Kc6 41. axb6 Kxb6 42. b4 Kb7 43. Ka5 Ka7 44. c5 Kb7 45. c6+ 1-0

[Event "ESP-chT CECLUB Honor"]
[Site "Linares"]
[Date "2013.09.12"]
[Round "5.3"]
[White "De la Villa Garcia, Jesus Maria"]
[Black "Argandona Riveiro, Inigo"]
[Result "1/2-1/2"]
[WhiteElo "2477"]
[BlackElo "2386"]
[PlyCount "167"]
[EventDate "2013.09.08"]
[EventType "team-tourn"]
[EventRounds "7"]
[EventCountry "ESP"]
[SourceTitle "CBM 156 Extra"]
[Source "ChessBase"]
[SourceDate "2013.10.22"]
[SourceVersion "1"]
[SourceVersionDate "2013.10.22"]
[SourceQuality "1"]
[WhiteTeam "Solvay"]
[BlackTeam "Taldea Gros Xake"]
[WhiteTeamCountry "ESP"]
[BlackTeamCountry "ESP"]

1. e4 d5 2. exd5 Qxd5 3. Nc3 Qa5 4. Bc4 Nf6 5. d3 Bg4 6. f3 Bd7 7. Bd2 Qb6 8. a4 Nc6 9. Nb5 a5 10. c3 Ne5 11. Bf4 Bxb5 12. Bxb5+ Ned7 13. Qe2 Nd5 14. Nh3 c6 15. Bc4 e6 16. d4 Be7 17. 0-0 0-0 18. Kh1 N7f6 19. Rae1 Rae8 20. Bc1 Qc7 21. f4 Bd6 22. Qf3 Rb8 23. Ng5 b5 24. Bb3 bxa4 25. Bxa4 c5 26. dxc5 Qxc5 27. f5 exf5 28. Qxf5 Qc7 29. Rd1 Qc4 30. Bc2 g6 31. Qf3 Be5 32. Qh3 Nf4 33. Bxf4 Bxf4 34. Qh4 Nh5 35. Nxh7 Kxh7 36. Qxh5+ Kg7 37. Qg4 g5 38. Bd3 Qc7 39. g3 Qc6+ 40. Qf3 Qxf3+ 41. Rxf3 Be5 42. Rd2 Rfd8 43. Kg2 Rd6 44. Re2 f6 45. Bc4 Rdb6 46. b3 Rc8 47. Ra2 Rc5 48. Kh3 Rd6 49. Kg4 Rd1 50. Kh5 Rd8 51. Kg4 Rd1 52. Re3 Rc1 53. Rd2 Rc7 54. Red3 Kg6 55. Rf3 Bxc3 56. Rd8 Ba1 57. Be6 Rb7 58. Bf5+ Kg7 59. Rfd3 Rcc7 60. Ra8 Ra7 61. Rdd8 Rxa8 62. Rxa8 Bc3 63. Kh5 Re7 64. Bd3 Bb4 65. Bc4 Bc3 66. Rg8+ Kh7 67. Rc8 Kg7 68. Bd5 Be5 69. Rg8+ Kh7 70. Ra8 Bc3 71. Bc4 Rc7 72. Be6 Re7 73. Bf5+ Kg7 74. Bd3 Rd7 75. Bc4 Re7 76. Rd8 Be5 77. Rd5 Ra7 78. Bb5 Rb7 79. Kg4 Re7 80. Bd7 Bc3 81. Rd3 Bb4 82. Kh5 Re2 83. h3 Rd2 84. Rxd2 1/2-1/2

[Event "ESP-chT CECLUB Honor"]
[Site "Linares"]
[Date "2013.09.10"]
[Round "3.2"]
[White "De la Villa Garcia, Jesus Maria"]
[Black "Gonzalez de la Nava, Amador"]
[Result "1-0"]
[WhiteElo "2477"]
[BlackElo "2262"]
[PlyCount "73"]
[EventDate "2013.09.08"]
[EventType "team-tourn"]
[EventRounds "7"]
[EventCountry "ESP"]
[SourceTitle "CBM 156 Extra"]
[Source "ChessBase"]
[SourceDate "2013.10.22"]
[SourceVersion "1"]
[SourceVersionDate "2013.10.22"]
[SourceQuality "1"]
[WhiteTeam "Solvay"]
[BlackTeam "Equigoma Social Catolica"]
[WhiteTeamCountry "ESP"]
[BlackTeamCountry "ESP"]

1. e4 e5 2. Nf3 Nf6 3. d4 exd4 4. e5 Ne4 5. Qxd4 d5 6. exd6 Nxd6 7. Nc3 Nc6 8. Qa4 Bd7 9. Bf4 Be7 10. 0-0-0 0-0 11. Nd5 Be6 12. Bb5 Bxd5 13. Rxd5 Qc8 14. Bxc6 bxc6 15. Qxc6 Rb8 16. Re1 Qg4 17. Be5 Nc4 18. Rd4 Bg5+ 19. Kb1 Nxe5 20. Rxg4 Nxc6 21. Rxg5 Rbd8 22. Rc5 Rd6 23. b3 h6 24. Re4 Rb8 25. Rec4 Rb6 26. h4 g6 27. a4 a5 28. Ne5 Nxe5 29. Rxe5 Rd1+ 30. Kb2 Rf6 31. f3 Rd2 32. Rxa5 Rxg2 33. Ra8+ Kg7 34. a5 Rd2 35. a6 c5 36. a7 Ra6 37. Ra4 1-0